000 00415nam a2200157Ia 4500
008 240729s9999 xx 000 0 und d
022 _a2359-5922
245 0 _aBrazilian Neurosurgery
260 _aBrazil
260 _bThieme Revinter Publicações Ltda.
650 _a Surgery
650 _aMedicine
856 _uhttps://doaj.org/toc/423e30b26d8d4738ba744f4e260d6a58
942 _2ddc
942 _cDOAJEJ
999 _c72909
_d72909
945 _a1
_bMadushi Gamage
_c1
_dMadushi Gamage